01832nam a22003497a 4500001000400000003000400004005001700008008004100025020001900066040000800085041001300093082001900106100005300125240003800178245011800216260003200334300001100366490004000377520065800417650002601075650002001101650002001121650002001141655001601161655002001177700003601197700003201233830005401265942001501319952013501334999001301469272OSt20250528074016.0250313b |||||||e |||| 00| f eng d a 9788533207356 bpor hrusapor a891.73 bD724i aDostoiévsk, Fiódor Mikhailovitchd1821- 1881 aБратья Карамазовы aOs irmãos Karamázovi /cDostoiévsk, Fiódor Mikhailovitch ; Tradução de Natália Nunes e Oscar Mendes aRio de JaneirobAbrilc1971 a534 p.1 aOs imortais da Literatura Universal a"Os irmãos Karamázov" é o último romance de Dostoiévski. No fundo, ele resume toda a criatividade do escritor, trazendo à baila as "malditas" questões existenciais que o afligiram a vida inteira, com especial relevo para a flagrante degradação moral da humanidade afastada dos ideais cristãos. Cheia de peripécias, a narrativa põe em foco três protagonistas irmãos, representantes dos mais diversos aspectos da realidade russa — o libertino Dmítri, o niilista Ivan e o sublime Aliocha —, a fim de alumiar as profundezas insondáveis do coração entregue ao pecado, corrompido por dúvidas ou transbordante de amor. 0aLiteratura Russa9195 0aHistórico953 0aClássicos977 0aReligião9100 0aRomance923 0aFicção 922 aNatália NuneseTradutora9504 aOscar MendeseTradutor9187 aOs Imortais da Literatura Universal9461vvol. 01 2ddcn0cBK 00102ddc40708FICaBIBIBbBIBIBcLEd2025-03-13edoaçãol0o891.73 / D724ip2025-17227r2025-03-13 08:52:01w2025-03-13yBK c272d272